000 00304nam a2200133Ia 4500
008 231129s1979||||xx |||||||||||||| ||spa||
040 _bspa
082 _a658.568 G761c
100 _aGrant Eugene L.
245 0 _aControl estadistico de calidad
260 _c1979
264 _aCecsa
942 _2ddc
_cBKS
999 _c8074
_d8074